• 首页
  • 本馆介绍
  • 公告通知
  • 最新文献
  • 馆藏检索
  • 电子资源
  • 读者导购
  • 参考咨询
  • 我的图书馆
  • 登录
  • 详细信息显示
  • 放入我的书架
  • 预约/预借图书
  • 作者相关作品
  • 分类相关作品
  • 丛书相关作品
  • 出版社相关作品

书目信息

  • 表格格式
  • 工作单格式
  • 卡片格式
题名:
“互联网 ”背景下供应链的协调策略研究
    
 
作者: 鄢章华 著
分册:  
出版信息: 北京   经济管理出版社  2017.10
页数: 201页
开本: 24cm
丛书名:
单 册:
中图分类: F252.1
科图分类:
主题词: 供应链管理--研究
电子资源:
ISBN: 978-7-5096-5374-6
000 01114nam0 2200229 450
001 1174
005 20180927144319.99
010    @a978-7-5096-5374-6@dCNY46.00
100    @a20180819d2017 em y0chiy0110 ea
101 0  @achi
102    @aCN@b110000
105    @ay z 000yy
200 1  @a“互联网 ”背景下供应链的协调策略研究@9“hu lian wang ”bei jing xia gong ying lian de xie tiao ce lue yan jiu@e基于几种典型的销售渠道@dSupply chain coordination strategies under "internet "@ebased on several typical channels@f鄢章华著@zeng
210    @a北京@c经济管理出版社@d2017.10
215    @a201页@d24cm
330    @a本书将在分析供应链竞合关系、信任基础以及传统供应链协调问题的基础上,对预售模式下、饥饿营销模式下以及非透明销售模式下(包括NYOP和VOP)的供应链协调与策略进行研究,为“互联网 ”背景下,供应链企业的业务创新和决策提供建议与参考。
510 1  @aSupply chain coordination strategies under "internet "@ebased on several typical channels@zeng
606 0  @a供应链管理@x研究
690    @aF252.1@v5
701  0 @a鄢章华@9yan zhang hua@f(1983-)@4著
801  0 @aCN@b91MARC@c20180819
905    @aMuseLib@dF252.1@e276
    
    “互联网 ”背景下供应链的协调策略研究:基于几种典型的销售渠道=Supply chain coordination strategies under "internet ":based on several typical channels/鄢章华著.-北京:经济管理出版社,2017.10
    201页;24cm
    
    
    ISBN 978-7-5096-5374-6:CNY46.00
    本书将在分析供应链竞合关系、信任基础以及传统供应链协调问题的基础上,对预售模式下、饥饿营销模式下以及非透明销售模式下(包括NYOP和VOP)的供应链协调与策略进行研究,为“互联网 ”背景下,供应链企业的业务创新和决策提供建议与参考。
●
相关链接 在E读中查询图书 在五车中查询图书 在当当中查询图书 在豆瓣中查询图书


正题名:"互联网 "背景下供应链的协调策略研究     索取号:F252.1/276         预约/预借

序号 登录号 条形码 馆藏地/架位号 状态 备注
1 1121529   211215291   第一样本阅览室/ [索取号:F252.1/276] 在馆    
2 1121530   211215308   第一借阅区/ [索取号:F252.1/276] 在馆    
3 1121531   211215317   第一借阅区/ [索取号:F252.1/276] 在馆    
4 1121532   211215326   第一借阅区/ [索取号:F252.1/276] 在馆    
5 1121533   211215335   第一借阅区/ [索取号:F252.1/276] 在馆    
唐山师范学院图书馆 欢迎您!
大连网信软件有限公司© 版权所有